[Event "Mlada Boleslav Region-ch U14"]
[Site "Mlada Boleslav"]
[Date "2017.06.25"]
[Round "5"]
[White "Jelinek, Oliver"]
[Black "Strnadova, Monika"]
[Result "0-1"]
[WhiteElo "1226"]
[BlackElo "1377"]
[PlyCount "100"]
[EventDate "2017.06.24"]
[EventType "swiss"]
[EventRounds "7"]
[EventCountry "CZE"]
[SourceTitle "CBM 179 Extra"]
[Source "ChessBase"]
[SourceDate "2017.08.23"]
[SourceVersion "1"]
[SourceVersionDate "2017.08.23"]
[SourceQuality "1"]

1. d4 Nf6 2. Nf3 g6 3. e3 Bg7 4. c4 d6 5. Nc3 0-0 6. b3 c6 7. Bb2 Bf5 8. Bd3 Bxd3 9. Qxd3 Qa5 10. 0-0 Qh5 11. Rfd1 Nbd7 12. Rac1 Rae8 13. Ne2 e5 14. Ng3 Qg4 15. dxe5 dxe5 16. Nd2 Rd8 17. Nde4 Nxe4 18. Nxe4 f5 19. Ng3 e4 20. Qc2 Bxb2 21. Qxb2 Nc5 22. Qe2 Qxe2 23. Nxe2 Nd3 24. Rb1 Nb2 25. Rxd8 Rxd8 26. Nd4 Nd3 27. Rd1 Kf7 28. Kf1 Kf6 29. Nc2 Ke5 30. Ke2 Rd6 31. Nd4 f4 32. Nc2 g5 33. exf4+ Nxf4+ 34. Ke1 Nxg2+ 35. Ke2 Rxd1 36. Kxd1 Nf4 37. Ne3 Nd3 38. Ke2 Nc1+ 39. Kd2 Nxa2 40. Ng4+ Kf4 41. h3 Nb4 42. Ke2 Nd3 43. Kf1 h5 44. Ne3 Kf3 45. Nc2 c5 46. Na1 Nxf2 47. h4 e3 48. hxg5 e2+ 49. Ke1 Nd3+ 50. Kd2 e1Q+ 0-1

[Event "CZE-ch U12 Girls"]
[Site "Kouty nad Desnou"]
[Date "2017.03.14"]
[Round "5"]
[White "Lhotska, Anna"]
[Black "Strnadova, Monika"]
[Result "1-0"]
[WhiteElo "1518"]
[BlackElo "1310"]
[PlyCount "73"]
[EventDate "2017.03.11"]
[EventType "swiss"]
[EventRounds "9"]
[EventCountry "CZE"]
[SourceTitle "CBM 177 Extra"]
[Source "ChessBase"]
[SourceDate "2017.04.27"]
[SourceVersion "1"]
[SourceVersionDate "2017.04.27"]
[SourceQuality "1"]

1. c4 e5 2. Nc3 Nc6 3. Nf3 Nf6 4. g3 d6 5. Bg2 h6 6. 0-0 Be6 7. b3 Be7 8. Bb2 Qd7 9. d4 exd4 10. Nxd4 Bh3 11. Qd3 Bxg2 12. Kxg2 Ne5 13. Qf5 0-0-0 14. Rfd1 g6 15. Qxd7+ Nfxd7 16. Nd5 Bf8 17. f4 Ng4 18. h3 Ngf6 19. Nxf6 Nxf6 20. Ne6 fxe6 21. Bxf6 Bg7 22. Bxg7 Rh7 23. Bc3 Rhd7 24. Rd3 d5 25. cxd5 Rxd5 26. Rad1 Rxd3 27. exd3 Kd7 28. Re1 Ke7 29. Re3 c6 30. Kf3 b5 31. Kg4 a6 32. Bg7 h5+ 33. Kg5 Kf7 34. Be5 Rd5 35. d4 c5 36. dxc5 Rxc5 37. Rc3 1-0

[Event "CZE-ch U10 Girls"]
[Site "Kouty nad Desnou"]
[Date "2015.03.14"]
[Round "9"]
[White "Strnadova, Monika"]
[Black "Stastna, Martina"]
[Result "0-1"]
[WhiteElo "1097"]
[BlackElo "1304"]
[PlyCount "94"]
[EventDate "2015.03.07"]
[EventType "swiss"]
[EventRounds "9"]
[EventCountry "CZE"]
[SourceTitle "EXT 2017"]
[Source "ChessBase"]
[SourceDate "2016.10.25"]
[SourceVersion "1"]
[SourceVersionDate "2016.10.25"]
[SourceQuality "1"]

1. c4 Nf6 2. d3 d5 3. Qc2 e6 4. e4 c5 5. Nc3 Nc6 6. Bg5 d4 7. Nb5 a6 8. Na3 Be7 9. Nf3 Qc7 10. g3 e5 11. Bg2 Be6 12. 0-0 0-0 13. Rae1 Qd7 14. Qa4 Bh3 15. Re2 Bg4 16. Rd2 Bxf3 17. Bxf3 Qh3 18. Bg2 Qh5 19. Bxf6 Bxf6 20. Qb3 Rab8 21. Qb6 Qh6 22. Rdd1 Be7 23. Qc7 Qd6 24. Qxd6 Bxd6 25. f4 Nb4 26. fxe5 Bxe5 27. Rf5 f6 28. g4 b5 29. g5 g6 30. Rf2 Kg7 31. gxf6+ Rxf6 32. Rxf6 Bxf6 33. cxb5 axb5 34. Rc1 Nxd3 35. Rc2 c4 36. b3 Nb4 37. Rd2 c3 38. Rf2 d3 39. Rxf6 Kxf6 40. e5+ Kxe5 41. Be4 Kxe4 42. h4 d2 43. h5 d1Q+ 44. Kf2 Rf8+ 45. Kg2 Qg4+ 46. Kh2 Kf3 47. Kh1 Qg2# 0-1

[Event "CZE-ch U10 Girls"]
[Site "Kouty nad Desnou"]
[Date "2015.03.11"]
[Round "6"]
[White "Habinova, Alice"]
[Black "Strnadova, Monika"]
[Result "1-0"]
[WhiteElo "1181"]
[BlackElo "1097"]
[PlyCount "75"]
[EventDate "2015.03.07"]
[EventType "swiss"]
[EventRounds "9"]
[EventCountry "CZE"]
[SourceTitle "EXT 2017"]
[Source "ChessBase"]
[SourceDate "2016.10.25"]
[SourceVersion "1"]
[SourceVersionDate "2016.10.25"]
[SourceQuality "1"]

1. e4 e5 2. Nf3 Nc6 3. d4 exd4 4. Bc4 Bc5 5. c3 dxc3 6. Bxf7+ Kxf7 7. Qd5+ Ke8 8. Qxc5 Nf6 9. 0-0 Nxe4 10. Re1 d5 11. Nxc3 Bf5 12. Ng5 Ne7 13. Ngxe4 Bxe4 14. Nxe4 dxe4 15. Bg5 Qd6 16. Qxd6 cxd6 17. Rxe4 Rc8 18. Rxe7+ Kf8 19. Rae1 h6 20. Bd2 a5 21. Rxb7 Rd8 22. Ree7 Rh7 23. Bc3 Rc8 24. f4 a4 25. g4 a3 26. g5 hxg5 27. fxg5 axb2 28. Bxb2 Re8 29. Rf7+ Kg8 30. g6 Rxh2 31. Rxg7+ Kh8 32. Rh7+ Kg8 33. Kxh2 d5 34. Rbg7+ Kf8 35. Ba3+ Re7 36. Bxe7+ Ke8 37. Ba3 d4 38. Rh8# 1-0

[Event "CZE-ch U10 Girls"]
[Site "Kouty nad Desnou"]
[Date "2015.03.08"]
[Round "2"]
[White "Nagyova, Daniela"]
[Black "Strnadova, Monika"]
[Result "0-1"]
[WhiteElo "1068"]
[BlackElo "1097"]
[PlyCount "46"]
[EventDate "2015.03.07"]
[EventType "swiss"]
[EventRounds "9"]
[EventCountry "CZE"]
[SourceTitle "EXT 2017"]
[Source "ChessBase"]
[SourceDate "2016.10.25"]
[SourceVersion "1"]
[SourceVersionDate "2016.10.25"]
[SourceQuality "1"]

1. e4 e5 2. Nf3 Nc6 3. Nc3 Nf6 4. Bb5 Bc5 5. Bxc6 dxc6 6. Nxe5 Qe7 7. d4 Bb4 8. Bd2 Bxc3 9. Bxc3 Nxe4 10. Qf3 Ng5 11. Qf4 0-0 12. 0-0 Ne6 13. Qg3 g6 14. Rad1 Qf6 15. d5 Nf4 16. Rfe1 Qf5 17. Qf3 Nxd5 18. Qxf5 Bxf5 19. Rd2 Rad8 20. Red1 Nxc3 21. bxc3 Rxd2 22. Rxd2 Re8 23. Nc4 Re1# 0-1